Statistiques concernant Qui soutient Israël ?

Cliquez ici pour prendre le quiz!

Statistiques générales

  • Ce quiz a été pris 263 fois
    (228 depuis la dernière actualisation)
  • Le résultat moyen est 22 sur 39

Statistiques - réponses

Israël% Correct
Etats-Unis
99%
France
99%
Royaume-Uni
96%
Espagne
91%
Canada
89%
Allemagne
84%
Italie
84%
Belgique
75%
Suède
73%
Ukraine
72%
Pologne
71%
Australie
69%
Pays-bas
65%
Grèce
64%
Autriche
63%
Irlande
61%
Finlande
60%
Roumanie
59%
Hongrie
58%
Argentine
56%
Croatie
56%
Danemark
55%
Slovaquie
55%
Luxembourg
54%
Slovénie
53%
Inde
51%
République tchéque
50%
Bulgarie
49%
Lettonie
48%
Lituanie
48%
Estonie
47%
Chypre
32%
Malte
28%
Congo
25%
Cameroun
13%
Kenya
11%
Ghana
9%
Togo
5%
Zambie
5%

Distribution des résultats

Percentile par nombre de réponses

% des personnes avec chaque résultat

Votre développement - résultats

Vous n’avez pas pris ce quiz depuis la dernière actualisation